| 000 | 00448nam a2200169 a 4500 | ||
|---|---|---|---|
| 001 | 3116 | ||
| 005 | 20140414131920.0 | ||
| 008 | 060201s19uu xx 00 eng d | ||
| 020 | _a0-439-16424-9 | ||
| 050 |
_aER _bOw4 1982 |
||
| 100 | _aThaler, Mike | ||
| 245 |
_aOwly / _cby Mike Thaler ; pictures by David Weisner. |
||
| 260 |
_aNew York : _bScholastic, _c1982. |
||
| 300 | _a1 v. p. : ill. ; cm. | ||
| 650 |
_aOwl _xFiction. |
||
| 999 |
_c111706 _d111706 |
||